000 01289nam a22003134a 4500
001 ebr10051525
003 CaPaEBR
006 m u
007 cr cn|||||||||
008 000615s2000 cau sb 001 0 eng
010 _z 00055967
020 _z0520224302 (cloth : alk. paper)
020 _z0520224310 (pbk. : alk. paper)
040 _aCaPaEBR
_cCaPaEBR
035 _a(OCoLC)49570113
050 1 4 _aRG133.5
_b.B434 2000eb
082 0 4 _a616.6/9206
_221
100 1 _aBecker, Gaylene.
245 1 4 _aThe elusive embryo
_h[electronic resource] :
_bhow women and men approach new reproductive technologies /
_cGay Becker.
260 _aBerkeley :
_bUniversity of California Press,
_c2000.
300 _ax, 320 p.
504 _aIncludes bibliographical references (p. 297-314) and index.
533 _aElectronic reproduction.
_bPalo Alto, Calif. :
_cebrary,
_d2013.
_nAvailable via World Wide Web.
_nAccess may be limited to ebrary affiliated libraries.
650 0 _aHuman reproductive technology
_vCase studies.
650 0 _aInfertility
_xPatients
_vInterviews.
655 7 _aElectronic books.
_2local
710 2 _aebrary, Inc.
856 4 0 _uhttp://site.ebrary.com/lib/rucke/Doc?id=10051525
_zAn electronic book accessible through the World Wide Web; click to view
999 _c179700
_d179700